A course of mathematics for engineers and scientists (Record no. 2377)

MARC details
000 -LEADER
fixed length control field 00581nam a2200181Ia 4500
003 - CONTROL NUMBER IDENTIFIER
control field IN-BaIIA
008 - FIXED-LENGTH DATA ELEMENTS--GENERAL INFORMATION
fixed length control field 211028s9999 xx 000 0 eng d
040 ## - CATALOGING SOURCE
Transcribing agency IIA Library
080 ## - UNIVERSAL DECIMAL CLASSIFICATION NUMBER
Universal Decimal Classification number 51:62
Item number CHI-1
100 ## - MAIN ENTRY--PERSONAL NAME
Personal name Chirgwin, Brian H.
9 (RLIN) 4256
245 #2 - TITLE STATEMENT
Title A course of mathematics for engineers and scientists
Remainder of title vol. 1
Statement of responsibility, etc. Brian H. Chirgwin
260 ## - PUBLICATION, DISTRIBUTION, ETC.
Place of publication, distribution, etc. New York
Name of publisher, distributor, etc. Pergamon Press
Date of publication, distribution, etc. 1961
300 ## - PHYSICAL DESCRIPTION
Extent vi, 326p.
650 ## - SUBJECT ADDED ENTRY--TOPICAL TERM
Topical term or geographic name entry element Astronomy and astrophysics thesaurus
650 ## - SUBJECT ADDED ENTRY--TOPICAL TERM
Topical term or geographic name entry element Mathematics
9 (RLIN) 82
700 ## - ADDED ENTRY--PERSONAL NAME
Personal name Plumpton, Charles
9 (RLIN) 4257
942 ## - ADDED ENTRY ELEMENTS (KOHA)
Koha item type Books
Holdings
Withdrawn status Lost status Damaged status Not for loan Home library Current library Shelving location Date acquired Cost, normal purchase price Total Checkouts Full call number Barcode Date last seen Cost, replacement price Price effective from Koha item type Purchase Price
        IIA Library-Bangalore IIA Library-Bangalore General Stacks 06/04/1965 16.25   51:62/ CHI-1 2658 05/11/2021 16.25 06/04/1965 Books Rs. 16.25

Powered by Koha